| 000 | 00854nam a2200229 a 4500 | ||
|---|---|---|---|
| 001 | BRCA_451 | ||
| 005 | 20190320203022.0 | ||
| 008 | 880516s1988 caua---##b---#000-0#eng-# | ||
| 020 | _a0892361387 | ||
| 040 |
_aDLC _cDLC _dDLC |
||
| 050 | 4 |
_aNK4315 _b.H47 1988 |
|
| 100 | 1 |
_aHess, Catherine _d1957- _91548 |
|
| 245 | 1 | 0 |
_aItalian maiolica _bcatalogue of the collections _cCatherine Hess. |
| 260 |
_aMalibu, California _bJ. Paul Getty Museum _c1988 |
||
| 300 |
_axiii, 127 p. _bil. (algunas a color) _c31 cm. |
||
| 504 | _aIncluye referencias bibliográficas | ||
| 610 | 2 | 4 |
_aJ. Paul Getty Museum _vCatálogos _zCalifornia (Estados Unidos) _91549 |
| 650 | 1 | 4 |
_aMayólica italiana _vCatálogos _ySiglo XVI _91550 |
| 650 | 1 | 4 |
_aMayólica renacentista _vCatálogos _zItalia _91551 |
| 650 | 1 | 4 |
_aMayólica _vCatálogos _zCalifornia (Estados Unidos) _91552 |
| 942 |
_2lcc _cB |
||
| 999 |
_c386 _d386 |
||